Bohatí cigáni Do pešti prišla...

Podrobná bibliografia
Médium: Článok
Jazyk:slovenčina
Predmet:
On-line prístup:www.kis3g/Sln1911_c3_5.pdf

MARC

LEADER 00000nab a2200000 ar4500
001 vtls010042047
003 SK-MaSNL
005 20260303171857.0
008 100121|1911 xo ||||||||||||00 b|slo
015 |a SNBRB2008/06  |2 snkbucl 
038 |a SNKBUCL 
040 |a SNKBUCL  |b slo  |e AACR2  |c SNKBUCL 
041 0 |a slo 
044 |a xo  |c SK 
080 |a 93/94(=214.58)"1911"  |2 2001 
080 |a 323.15(=214.58)(439.5)  |2 2001 
245 0 0 |a Bohatí cigáni  |b Do pešti prišla... 
546 |a Rubrika: Chýry 
650 0 7 |a Rómovia  |y 1911  |2 snkbucl  |9 222601 
650 0 7 |a Rómovia  |x historické udalosti  |2 snkbucl  |9 1196718 
650 0 7 |a romiká  |2 snkbucl  |9 72855 
651 7 |a Rakúsko-Uhorsko  |2 snkbucl  |9 36860 
773 0 |t Slovenské ľudové noviny  |g Roč. 2, č. 3 (V Prešporku, 20. januára 1911), s. 5 
852 |a SNK  |b KIS3GCP 
856 4 1 |u www.kis3g/Sln1911_c3_5.pdf 
958 |a RQ 
958 |a SK 
999 |c 2083848  |d 2085778